Enzyklopadie der Elementarmathematik

Αποθηκεύτηκε σε:
Λεπτομέρειες βιβλιογραφικής εγγραφής
Συγγραφή απο Οργανισμό/Αρχή: Akademia pedagogischen nauk RSFSR
Άλλοι συγγραφείς: Khinchin, A. IA. (Aleksandr IAkovlevich), 1894-1959 (Επιμελητής έκδοσης), Markushevich, A. I. (Alekseaei Ivanovich), 1908-1979 (Επιμελητής έκδοσης), Aleksandrov, P. S. (Pavel Sergeevich), 1896-1982 (Επιμελητής έκδοσης)
Μορφή: Βιβλίο
Γλώσσα:German
Δημοσίευση: Berlin : Deutscher Verlag der Wissenschaften, 1977
Έκδοση:7e Aufl.
Σειρά:Hochschulbucher fur Mathematik ; ; 7
Θέματα:
Ετικέτες: Προσθήκη ετικέτας
Δεν υπάρχουν, Καταχωρήστε ετικέτα πρώτοι!

MARC

LEADER 00000cam a2200000 i 4500
001 1/6939
008 100427m1977 ger d
035 |l 10107687 
040 |a GR-MY-UA  |b gre  |e aacr 
041 0 |a ger 
082 0 |a 510  |2 (22) 
110 2 |a Akademia pedagogischen nauk RSFSR. 
245 1 0 |a Enzyklopadie der Elementarmathematik /  |c redaktion P.S. Alexandroff, A.I. Markuschewitsch, A.J. Chintschin 
250 |a 7e Aufl. 
260 |a Berlin :   |b Deutscher Verlag der Wissenschaften,   |c 1977 
300 |a xi, 403 σ.;  |c 24 εκ. 
490 1 |a Hochschulbucher fur Mathematik  |v ; 7 
504 |a Περιέχει βιβλιογραφικές παραπομπές και ευρετήριο 
505 0 |a Τ. 1 Arithmetik 
650 0 0 |a Mathematics. 
700 1 |a Khinchin, A. IA.   |q (Aleksandr IAkovlevich),   |d 1894-1959.  |4 edt 
700 1 |4 edt  |a Markushevich, A. I.   |q (Alekseaei Ivanovich),   |d 1908-1979. 
700 1 |4 edt  |a Aleksandrov, P. S.   |q (Pavel Sergeevich),   |d 1896-1982. 
740 0 2 |a Arithmetik 
830 0 |a Hochschulbucher fur Mathematik ;  |v ; 7 
852 |a INST  |b SAMOS  |c MAG  |e 20100427  |h 510 ΑΚΑ  |p 005300031978  |q 005300031978  |t BK  |v τ.1:  |y 0  |z τ.1 
853 |a INST  |b SAMOS  |c MAG  |h 510 ΑΚΑ 
901 |a BIBL3-2010-1 
909 |a Σ  |b 162227 
970 |a ΡΟΥΣΣΟΥ  |b ΚΩΝΣΤΑΝΤΙΝΑ  |z 2010/04/27